The CW's The Flash Characters - Statistics

General Stats
  • This quiz has been taken 39 times
    30 since last reset
  • The average score is 23 of 28
Answer Stats
Hint Character % Correct
The Flash Barry Allen
100%
The Doctor from STAR Labs Caitlin Snow
95%
The Technician and Inventor from STAR Labs Cisco Ramone
95%
Wells From Earth-2 Harry
95%
Wells From Earth-17 H.R. Wells
95%
His Wife Iris West-Allen
95%
The Flash's Adoptive Father Joe West
95%
Above's Daughter Jessie Wells/Jessie Quick
89%
The Flash's Mother Nora Allen
89%
The Flash's Daughter From the Future/XS Nora West-Allen
89%
A Rogue With A Cold Gun Captain Cold/Leonard Snart
84%
Sacrificed His Life to Save The Flash From Season 1 Eddie Thawne
84%
Killed Above Eobard Thawne/The Reverse Flash
84%
His Partner Heat Wave/Mick Rory
84%
The Flash's Father Henry Allen
84%
The Elongated Man Ralph Dibny
84%
Scientist's Old Boyfriend Who Saved Central City/Half of FIRESTORM Ronnie Raymond
84%
Kid Flash Wally West
84%
Broke The Flash's Back Zoom/Jay Garrick
84%
Telephatic Gorilla Grodd
79%
Man-Shark King Shark
79%
Half of FIRESTORM Martin Stein
79%
Above's Wife Cecile Horton
74%
Has a Dagger Cicada
74%
The Man in the Iron Mask Jay Garrick (From Earth-3)
68%
Time Remnant of The Flash Savitar
68%
Smartest Man Alive DeVoe
63%
Above's Daughter Grace Gibbons/Cicada 2
47%
No matching quizzes found
Score Distribution
Percent of People with Each Score
Percentile by Number Answered
Your Score History
You have not taken this quiz since the last reset